Федеральная государственная служба (Запись № 12426223)

Подробности
000 -МАРКЕР
контрольное поле 02675nam0a2200349 4500
001 - ИДЕНТИФИКАТОР ЗАПИСИ
контрольное поле RU\NLR\BIBL_A\012850667
005 - ИДЕНТИФИКАТОР ВЕРСИИ
контрольное поле 20260407013439.0
010 ## - МЕЖДУНАРОДНЫЙ СТАНДАРТНЫЙ НОМЕР КНИГИ (ISBN)
Номер (ISBN) 5-86532-036-X
Тираж 1000
021 ## - НОМЕР ГОСУДАРСТВЕННОЙ РЕГИСТРАЦИИ
Код страны Российская Федерация
Номер [97-50618]
035 ## - ДРУГИЕ СИСТЕМНЫЕ НОМЕРА
Идентификатор записи (NLR Aleph) 012850667
100 ## - ДАННЫЕ ОБЩЕЙ ОБРАБОТКИ
Данные общей обработки 20041129d1997 |||y0rusy50 ca
101 0# - ЯЗЫК РЕСУРСА
Язык текста, звукозаписи и т.д. русский
102 ## - СТРАНА ПУБЛИКАЦИИ ИЛИ ПРОИЗВОДСТВА
Страна публикации Российская Федерация
105 ## - ПОЛЕ КОДИРОВАННЫХ ДАННЫХ: ТЕКСТОВЫЕ МАТЕРИАЛЫ, МОНОГРАФИЧЕСКИЕ
Кодированные данные о монографическом текстовом документе y j||||||||
200 1# - ЗАГЛАВИЕ И СВЕДЕНИЯ ОБ ОТВЕТСТВЕННОСТИ
Основное заглавие Федеральная государственная служба
Сведения, относящиеся к заглавию кадровый состав, его профессиональное и должностное развитие
-- учебно-методическое пособие
Первые сведения об ответственности [Абрамов В.Л., кандидат информационных наук, доцент, Вангниц Н.П., Граждан В.Д., доктор философских наук, профессор и др.
Последующие сведения об ответственности под общим научным руководством доктора философских наук, академика Международной академии информатизации Лаптева И.Д. и доктора социологических наук, профессора Охотского Е.В.]
-- Государственный комитет Российской Федерации по печати, Научно-исследовательский центр управления, экономики и информатики НИЦ "Экономика"
210 ## - ПУБЛИКАЦИЯ, РАСПРОСТРАНЕНИЕ И ДР.
Место издания, распространения и т.д. Москва
Имя издателя, распространителя и т. д. ГП НИЦ "Экономика"
Дата издания, распространения и т.д. 1997
215 ## - ФИЗИЧЕСКАЯ ХАРАКТЕРИСТИКА
Специфическое обозначение материала и объем 255 с.
Размеры 20
320 ## - ПРИМЕЧАНИЯ О НАЛИЧИИ В ДОКУМЕНТЕ БИБЛИОГРАФИИ / УКАЗАТЕЛЯ
Текст примечания Библиогр. в конце глав, в подстроч. примеч. и в тексте
606 1# - НАИМЕНОВАНИЕ ТЕМЫ КАК ПРЕДМЕТ
Наименование темы Государственная служба
Формальный подзаголовок Руководства, пособия и т.п.
Географический подзаголовок Российская Федерация
Системный номер авторитетной/нормативной записи 2077886
Идентификатор авторитетной/нормативной записи RU\NLR\AUTH\661253643
686 1# - ИНДЕКСЫ ДРУГИХ КЛАССИФИКАЦИЙ
Индекс Х621.011-921я7
701 #1 - ИМЯ ЛИЦА - АЛЬТЕРНАТИВНАЯ ОТВЕТСТВЕННОСТЬ
Материалы, к которым относится поле rus
Графика поля Кириллица
Начальный элемент ввода Абрамов
Часть имени, кроме начального элемента ввода В. Л.
Дополнения к именам, кроме дат д-р экон. наук
Расширение инициалов личного имени Валерий Леонидович
Идентификатор авторитетной/нормативной записи RU\NLR\AUTH\7719345
Системный номер авторитетной/нормативной записи 2417
701 #1 - ИМЯ ЛИЦА - АЛЬТЕРНАТИВНАЯ ОТВЕТСТВЕННОСТЬ
Начальный элемент ввода Вангниц
Часть имени, кроме начального элемента ввода Н. П.
Расширение инициалов личного имени Николай Павлович
701 #1 - ИМЯ ЛИЦА - АЛЬТЕРНАТИВНАЯ ОТВЕТСТВЕННОСТЬ
Начальный элемент ввода Граждан
Часть имени, кроме начального элемента ввода В. Д.
Расширение инициалов личного имени Валерий Дмитриевич
702 #1 - ИМЯ ЛИЦА - ВТОРИЧНАЯ ОТВЕТСТВЕННОСТЬ
Начальный элемент ввода Лаптев
Часть имени, кроме начального элемента ввода И. Д.
Даты 1934-
Расширение инициалов личного имени Иван Дмитриевич
Код отношения Редактор
702 #1 - ИМЯ ЛИЦА - ВТОРИЧНАЯ ОТВЕТСТВЕННОСТЬ
Код отношения Редактор
Материалы, к которым относится поле rus
Графика поля Кириллица
Начальный элемент ввода Охотский
Часть имени, кроме начального элемента ввода Е. В.
Расширение инициалов личного имени Евгений Васильевич
Идентификатор авторитетной/нормативной записи RU\NLR\AUTH\776660
Системный номер авторитетной/нормативной записи 116609
712 02 - НАИМЕНОВАНИЕ ОРГАНИЗАЦИИ - ВТОРИЧНАЯ ОТВЕТСТВЕННОСТЬ
Код отношения Издающая организация
Начальный элемент ввода Научно-исследовательский центр управления, экономики и информатики
Идентифицирующий признак Москва
Идентификатор авторитетной/нормативной записи RU\NLR\AUTH\8810001501
Системный номер авторитетной/нормативной записи 500183
801 #0 - ИСТОЧНИК ЗАПИСИ
Страна Российская Федерация
Организация NLR
Правила каталогизации psbo
852 ## - МЕСТОНАХОЖДЕНИЕ И ШИФР ХРАНЕНИЯ
Идентификатор организации NLR
Шифр хранения (Call Number) 99-3/3910
942 ## - ДОПОЛНИТЕЛЬНЫЕ ЭЛЕМЕНТЫ ЗАПИСИ (АБИС)
Тип экземпляра АБИС Книга
980 ## - КОЛЛЕКЦИЯ
Название коллекции Национальная библиография
Экземпляры
Тип экземпляра Дата поступления Библиотека постоянного хранения Библиотека текущего хранения Место хранения Шифр хранения Штрих-код Статус экземпляра
Книга 19.07.2022 РНБ (Московский) РНБ (Московский) Русский книжный фонд: издания с 1957 года 99-3/3910 ERR-249648